লোডিং...

Principles of economics

গ্রন্থ-পঞ্জীর বিবরন
প্রধান লেখক: Suits, D B
বিন্যাস: Printed Book
ভাষা:Undetermined
English
প্রকাশিত: New York Harper and Raw Publishers 1973
বিষয়গুলি:
LEADER 00580nam a2200193Ia 4500
008 140306s9999 xx 000 0 und d
041 |a eng 
082 |a 330  |b SUT/PR 
100 |a Suits, D B 
245 |a Principles of economics 
260 |a New York  |b Harper and Raw Publishers  |c 1973 
300 |a 585 
365 |b Rs .195 .00 
650 |a Income 
650 |a price 
650 |a wealth 
942 |2 ddc  |c BK 
999 |c 121500  |d 121500 
952 |0 0  |1 0  |2 ddc  |4 0  |6 330_000000000000000_SUTPR  |7 0  |9 120877  |a KAUHCV  |b KAUHCV  |d 2004-05-12  |g 195.00  |o 330 SUT/PR  |p KAU_HCV-3447  |r 2014-03-22  |w 2014-03-22  |y BK